Zhodnotenie hospodárskeho vývoja regiónov južného Slovenska bakalárska práca

Salvato in:
Dettagli Bibliografici
Autore principale: Barcziová, Anikó
Ente Autore: Národohospodárska fakulta EU. Katedra financií
Altri autori: Morvay, Karol, 1973-
Natura: Libro
Lingua:slovacco
Pubblicazione: Bratislava 2018
Tags: Aggiungi Tag
Nessun Tag, puoi essere il primo ad aggiungerne!!

MARC

LEADER 00000nbm a2200000 4500
001 0256421
005 20191030085615.4
041 0 |a slo 
044 |a SK 
245 1 0 |a Zhodnotenie hospodárskeho vývoja regiónov južného Slovenska  |b bakalárska práca  |c Anikó Barcziová ; školiteľ: Karol Morvay 
264 1 |a Bratislava  |c 2018 
300 |a 42 s. 
100 1 |a Barcziová, Anikó 
700 1 |a Morvay, Karol, 1973- 
710 2 |a Národohospodárska fakulta EU. Katedra financií